| 000 | 00880cab a2200265 4500 | ||
|---|---|---|---|
| 001 | WB2928-23 | ||
| 008 | 090401t1993 xxu||||| |||| 00| 0 eng d | ||
| 035 | _a(Sirsi) u76909 | ||
| 041 | _aeng | ||
| 245 | _aOfficial secrecy threatens the Domesday project | ||
| 260 | _c1993 | ||
| 350 | _a0 | ||
| 490 |
_aGuardian _v23 July 1993, 17 |
||
| 490 |
_aEstates Times _v(1199) 23-30 July 1993, 5(2) |
||
| 520 | _aThe RICS warns that offical government secrecy threatens the success of the Domesday 2000 project, the first comprehensive computerized database showing land ownership on a national scale. | ||
| 650 | _aCOMPUTERS | ||
| 650 | _aDIGITAL MAPPING | ||
| 650 | _aDOMESDAY 2000 | ||
| 650 | _aLAND INFORMATION | ||
| 650 | _aLAND OWNERSHIP | ||
| 690 | _aMANAGEMENT-BUSINESS MANAGEMENT-INFORMATION MANAGEMENT | ||
| 690 | _aLAND | ||
| 942 | _n0 | ||
| 948 | _c04/03/1997 | ||
| 999 |
_c48318 _d48318 |
||